书目信息 |
| 书名: | Multicultural Students With Special Language Needs | |
| 作者: | Celeste Roseberry-McKibbin. | |
| 分册号: | ||
| 分册名: | 出版地: | Oceanside : |
|
| 出版社: | academic Communication Associates | |
| 出版时间: | 1995. | |
| 页数: | 304 p. ; | |
| 开本: | 29cm. | |
| 丛书名: | ||
| 中图分类号: | ||
| 科图分类号: | ||
| 其他分类号: | K131 | |
| 主题词: | ||
| 电子资源: | ||
| 000 | 00489nam 2200145 a 4500 | |
| 001 | E0233292309 | |
| 005 | 2002011609145204 | |
| 008 | 020116s1995 00010 eng | |
| 020 | @cRMB 12.00. | |
| 040 | @aPFT@beng | |
| 090 | @aK131 | |
| 099 | @dK131@eK46 | |
| 245 | 1 | @aMulticultural Students With Special Language Needs :@bPractical Strategies for Assessment and Intervention / @cCeleste Roseberry-McKibbin. |
| 260 | @aOceanside :@bacademic Communication Associates,@c1995. | |
| 300 | @a304 p. ;@c29cm. | |
| Multicultural Students With Special Language Needs : : Practical Strategies for Assessment and Intervention / / Celeste Roseberry-McKibbin.-Oceanside : : academic Communication Associates, , 1995. |
| 304 p. ; ; 29cm. |
| ISBN RMB 12.00. |
| ● |
| 相关链接 |
|
|
|
正题名:Multicultural Students With Special Lang
索取号:K131/K46
 
预约/预借
| 序号 | 登录号 | 条形码 | 馆藏地/架位号 | 状态 | 备注 |
| 1 | 01488 | 300014883 | 社科库309/309社科库 994排2列3层/ [索取号:K131/K46] | 在馆 |